000 00505nam a2200181Ia 4500
999 _c1675
_d1675
003 OSt
005 20200922110054.0
008 190216s9999||||xx |||||||||||||| ||und||
040 _coclc
082 _a580
_bBEN/I
100 _aBendre, Ashok M
_94769
245 0 _aIntroductory Botany /
_cAshok M Bendre ; P C Pande
250 _a4th Ed.
260 _bRasthogi Publications,
_aNew Delhi:
_c2004.
300 _a1294p
650 _aBotany
942 _cBK
_2ddc
_h580
_iBEN/I
_k580
_mBEN/I